000 00342 a2200157 4500
001 59081
020 _a8526213245
040 _cAnchieta - Pituba
100 _aBarbosa Filho, Milton Benedicto
240 1 0 _aHistória do Brasil
_lpor
245 1 0 _aHistória do Brasil
300 _a112
362 0 _a1990
650 4 _aBrasil
942 _cBK
999 _c59081
_d59081